000 00571nam a2200121 4500
008 240927b |||||||| |||| 00| 0 eng d
022 _a25819208
245 _aमाही संदेश
_bदस्तक दिल तक
_cप्रमोद शर्मा
_hहिन्दी
260 _aजयपुर
_bकांति ऑफसेट प्रिंटेर्स
_c2024
300 _aवर्ष ७
_c23 CM (आजिल्द)
700 _aनन्दन,रोहित कृष्ण
_eसंपादक
_972147
942 _2ddc
_cSR
_mमाहीस
_s1
999 _c205992
_d205992